00573 2200217 4500001002100000005001500021035002000036007000300056008004100059020002200100082000800122084001400130100002300144245006500167250001000232260003400242300003400276650001700310700001700327990001100344INLIS00000000000380520190724084916 a0010-0719000223ta190724 g 0 ind  a978-979-072-063-3 a813 a813 DER m0 aDERMAWAN, Wibisono1 aMenggapai Matahari /cDermawan Wibisono; editor, Abdul Hakim acet.1 aJakarta :bInti Medina,c2010 axiv, 351 hlm :bilus ;c21 cm 4aNOVEL. AGAMA0 aABDUL, Hakim a5502 a